00447nam a2200181 a 4500001001300000003000900013005001700022008004100039020002300080082001400103100001900117245001600136260003400152300001000186500003500196650001500231700001900246nice12345678IN_TiNIC20260116014904.0130930s2005 lona grp 000 0 eng  a9780141183886c35000a150bFRE3 aFreud, Sigmund aUnconscious aLondon bPenguin Books c2005 a105p  aincludes index and biblioraphy aPsychology1 aFreud, Sigmund